Tourist guide to Darjeeling, Sikkim and Bhutan (Record no. 25171)

MARC details
000 -LEADER
fixed length control field 00296nam a2200109Ia 4500
082 ## - DEWEY DECIMAL CLASSIFICATION NUMBER
Classification number 915.41
Item number AGA
245 #0 - TITLE STATEMENT
Title Tourist guide to Darjeeling, Sikkim and Bhutan
260 ## - PUBLICATION, DISTRIBUTION, ETC. (IMPRINT)
Place of publication New Delhi
Name of publisher Nest and Wings
Year of publication 1977
700 ## - ADDED ENTRY--PERSONAL NAME
Personal name Agarwala, A P
942 ## - ADDED ENTRY ELEMENTS (KOHA)
Koha item type Books
Holdings
Withdrawn status Lost status Damaged status Not for loan Home library Current library Date acquired Cost, normal purchase price Full call number Accession Number Koha item type
        RRII Library RRII Library 16/12/2021 6.00 915.41 AGA 05831 Books